| 000 | 00425 a2200145 4500 | ||
|---|---|---|---|
| 040 |
_aDLC _bDLC |
||
| 082 | _a621.381 | ||
| 100 | _aNIIT | ||
| 245 |
_aDigital Electronics: An Introduction to Sequential Logic Design _cNIIT |
||
| 260 |
_aNew Delhi : _bPrentice-Hall of India Pvt.Ltd, _c2004. |
||
| 300 |
_avi, 171p. : _b ill. : _c24 cm. |
||
| 500 | _aInclude Index | ||
| 650 | _aDigital Electronics | ||
| 942 |
_cBK _k621.381 NII _2ddc |
||
| 999 |
_c7972 _d7972 |
||